| 000 | 00623nam a2200217 a 4500 | ||
|---|---|---|---|
| 005 | 20140310183521.0 | ||
| 008 | 110802s19uu xx 00 eng d | ||
| 020 | _a9780071313407 | ||
| 050 |
_aT 58.6 _b.H18 2010 |
||
| 100 | _aHaag,Stephen | ||
| 245 |
_aManagement information systems for the information age. / _cStephen Haag. |
||
| 250 | _a8th | ||
| 260 |
_aNew York : _bMcGraw-Hill, _c2010. |
||
| 300 |
_a555 p. : _bill. ; _c25 cm. |
||
| 521 | _aBSBA | ||
| 650 | _aElectronic data processing departments-Management. | ||
| 700 | _aMaeve Cummings | ||
| 942 |
_cBK _2lcc _kFOR |
||
| 999 |
_c24397 _d24397 |
||